00521cam a22002171 4500001001300000003000400013005001700017008004100034010001700075035002000092040001800112042001200130050001700142100002200159245003000181260001700211300002300228500001500251650002000266999001700286sa 68000079 DLC20260227112420.0881102s1967 xx 000 0 hinr  asa 68000079  a(OCoLC)23538655 aDLCcMiUdDLC apremarc00aPK1931b.V261 aVarannikov, P. A.10aBhāshā aur sāhitya. a[n.p.c1967] a16, 160 p.c22 cm. aRomanized. 0aHindi philology c76926d76926